| 000 | 01195nam a2200349 a 4500 | ||
|---|---|---|---|
| 001 | 000114516 | ||
| 003 | CHAP | ||
| 005 | 20220329144444.0 | ||
| 008 | 180209s1985 mx |r| ||||||spa d | ||
| 010 | _a110977 | ||
| 011 | _a111949 | ||
| 020 | _a968-889-015-4(Volumen l) | ||
| 020 | _a968-889-017-0(Volumen ll) | ||
| 020 | _a9688890103(General) | ||
| 040 | _cCHAP | ||
| 082 | 0 | 4 |
_a972.63 _bT11 |
| 245 | 0 | 0 |
_aTabasco : _btextos de su historia / _ccompilado por Ma. Eugenia Arias Gómez, Ana Lau Jaiven y Ximena Sepúlveda Otaíza. |
| 260 |
_aVillahermosa, Tabasco : _bGobierno del Estado de Tabasco, _bJosé María Luis Mora, _c1985. |
||
| 300 | _av. | ||
| 490 |
_aBiblioteca básica Tabasqueña _v7 |
||
| 500 | _aLa biblioteca de San Luis Acatlan tiene el v.1, v.2 | ||
| 590 |
_aE5765TAJ _b05 _c20180209 _lUCH01 _h0928 |
||
| 590 |
_aE5765TAJ _b05 _c20180209 _lUCH01 _h0931 |
||
| 650 | 1 | 4 |
_aTabasco _xHistoria. _9111278 |
| 700 | 1 |
_aArias Gómez, Ma. Eugenia _ecomp. _9134617 |
|
| 700 | 1 |
_aLau Jaiven, Ana _ecomp. _9134618 |
|
| 700 | 1 |
_aSepúlveda Otaíza, Ximena _ecomp. _9134619 |
|
| 830 | 0 |
_aBiblioteca básica Tabasqueña _v7 _912249 |
|
| 901 | _aBK | ||
| 942 | _cLIBRO | ||
| 942 | _n0 | ||
| 999 |
_c110977 _d110977 |
||